00929nam a22002417a 450000500170000000800410001702000190005804000140007704100080009110000210009924501090012025000180022926000440024730000400029144000340033150000640036563000280042965000160045765100410047394200130051499900170052795201430054420210625105525.0210625b ||||| |||| 00| 0 eng d a9782228 902717 aBUACcBUC aFre aMobinier Pascale aLes enjeux psychiques du travailbintroduction à la psychodynamique du travailc/ par Pascale Molinier a2 ème éd. aParis :bEdition Payot & Rivages,c2006 a335 p.bCouv.ill. en coul.;c17 cm. a(Petit Biblio Payot : Essais) aBibliogr. pp.(318 - 328) Index Thématique. pp. (329- 330) aPHILOSOPHIE-PSYCHOLOGIE aPSYCHOLOGIE aPsychologie du travail : psychologie 2ddccLBA c62003d62003 00102ddc4070aBUACbBUACcRéserved2021-06-25eDON ARESf21/00110l0o159.9 MOLp21-00110Bucr2021-06-25 00:00:00t1w2021-06-25yLBA